000 00447nam a2200157 i 4500
001 83483
003 ES-MaACL
005 20230906174833.0
007 t|
008 041117s1924 ag ||||1| spa d
100 1 _aIrusta, Héctor M.
_965502
245 1 3 _aEl mirto quebrado
_b: [versos] /
_cHéctor M. Irusta.
260 _aBuenos Aires :
_b[s.n.,
_c1924] (
_fJ.E. y R. Smith)
300 _a120 p. ;
_c19 cm.
852 _aES-MaACL
_jF-4726
_bR.4506
999 _c83483
_d83483